Normal view MARC view
  • United States

Entry Geographic Name

Number of records used in: 1

001 - CONTROL NUMBER

  • control field: 97065

003 - CONTROL NUMBER IDENTIFIER

  • control field: NUST

005 - DATE AND TIME OF LATEST TRANSACTION

  • control field: 20220813170905.0

008 - FIXED-LENGTH DATA ELEMENTS

  • fixed length control field: 220813|| aca||aabn | a|a d

040 ## - CATALOGING SOURCE

  • Original cataloging agency: NUST
  • Transcribing agency: NUST

151 ## - HEADING--GEOGRAPHIC NAME

  • Geographic name: United States
  • Form subdivision: Guidebooks

670 ## - SOURCE DATA FOUND

  • Source citation: Work cat.: (NUST)0: National Geographic's guide to the national parks of the United States., 2021.
© 2023 Central Library, National University of Sciences and Technology. All Rights Reserved.